000 00496cam a2200181ua 4500
001 1601
008 110713n ii |||gr||||Z||||||eng
040 _cMAIN
082 _a332.4
100 _aGoswami, Nonigpal,
_eAuthor.
245 1 _aMudra, bank byastha aru antrajatik banijya
_cby Nonigopal Goswami
250 _a2nd.
260 _aGuahati:
_bJyoti Prakashan,995.
300 _a688p:
_bill;
_c23cm.
653 _aEconomics
653 _aMudra, bank byastha aru antrajatik banijya
942 _cBK
999 _c1488
_d1488